| 000 | 00798nam a2200265Ia 4500 | ||
|---|---|---|---|
| 003 | OSt | ||
| 005 | 20220924114812.0 | ||
| 006 | a|||||r|||| 00| 0 | ||
| 007 | ta | ||
| 008 | 220923b |||||||| |||| 00| 0 ara d | ||
| 020 | _a9953446571 (pbk) | ||
| 020 | _c360.00 | ||
| 024 | _a280045 | ||
| 037 |
_b383, 27/03/2012, Nadwi Publications _cTextual |
||
| 040 |
_aARTS _cARTS _bara |
||
| 041 |
_2ara _aara |
||
| 082 | _aO28,3N49,WA, P5 | ||
| 100 |
_aMuhbik Ahmad Ziad Au. _9175467 |
||
| 245 | 0 |
_aWardat _b fi al-lailul akhir |
|
| 260 |
_aCairo _bDer El Marefah Egypt _c2005 |
||
| 300 |
_a236p. _ccm. |
||
| 650 |
_aARABIC FICTION _964594 |
||
| 942 |
_hO28,3N49,WA, P5 _cTEXL _2CC |
||
| 999 |
_c395373 _d395373 |
||